000 00856nas a2200277 4500
001 BR0304146
003 BR-BrBNA
005 20231205104009.0
007 ta
008 230509b bl.|||p| |||| 00| 00por d
040 _aBR-BrBNA
_bpor
_cBiblioteca Nacional de Agricultura
041 _a(Pt)
072 _aP40; U10
100 1 _aBlanco, F.F.
100 1 _aSentelhas, P.C.
245 1 _aCoeficientes da equação de Angströn-Prescott para estimativa da insolação para Piracicaba, SP
650 _aCLIMATOLOGIA
650 _aINSOLAÇÃO
650 _aESTIMATIVA
650 _aMÉTODO
650 _aMODELO MATEMÁTICO
650 _aSÃO PAULO
773 0 _tRevista Brasileira de Agrometeorologia (Brazil)
_xISSN 0104-1347
_g(Jul-Dec 2002), v. 10(2) p. 295-300
_wBR0304146
909 _a202311
_bLúcia
_c55
_dLúcia Elande
942 _2AGRIS
_n0
_cANA
999 _c175866
_d175866